Mesterséges intelligencia alkalmazása a pénzügyi szektorban

Bibliográfiai részletek
Szerző: Alföldi Attila
További közreműködők: Dobák Dr. Dóra Éva
Dokumentumtípus: Diplomadolgozat
Kulcsszavak:adatvédelem
bank informatikai rendszerei
mesterséges intelligencia
pénzügyi szektor
szabályozás
Online Access:http://dolgozattar.uni-bge.hu/60334

MARC

LEADER 00000nta a2200000 i 4500
001 dolg60334
005 20260409150441.0
008 260409suuuu hu om 000 hun d
040 |a BGE Dolgozattár Repozitórium  |b hun 
041 |a hu 
100 1 |a Alföldi Attila 
245 1 0 |a Mesterséges intelligencia alkalmazása a pénzügyi szektorban  |c Alföldi Attila  |h [elektronikus dokumentum] 
520 3 |a A dolgozat témája a mesterséges intelligencia használata a pénzügyi szektorban. Ez az utóbbi években az egyik legdinamikusabban fejlődő technológiai területté vált, amely jelentős hatást gyakorol a gazdaságra és a pénzügyi szektorra. A bankok és más pénzügyi intézmények a hatékonyság növelése, a kockázatok kiküszöbölése és az ügyfélélmény javítása érdekében egyre szélesebb körben alkalmazzák a mesterséges intelligencia által nyújtott megoldásokat. A dolgozat központi kérdése, hogy miként támogatja a mesterséges intelligencia alkalmazása a pénzügyi szektor működését, és milyen előnyökkel, illetve kockázatokkal jár az ilyen rendszerek bevezetése. Az első részében inkább a MI hátterét és működését szeretném bemutatni elméleti szinten. Hogyan is épül fel valójában, illetve hogyan lehet beintegrálni a pénzügyi rendszerbe. A második részben pedig inkább a gyakorlati alkalmazására koncentrálok. Milyen konkrét megoldásokra szolgál a pénzügyi szektorban és milyen kihívásokkal és kockázatokkal kell számolnunk, ha mesterséges intelligenciát használunk. A dolgozat fő célja, hogy átfogó képet adjon a mesterséges intelligencia működéséről és lehetőségeiről, valamint bemutassa, hogyan járulhatnak hozzá a pénzügyi folyamatok modernizáláshoz. 
695 |a adatvédelem 
695 |a bank informatikai rendszerei 
695 |a mesterséges intelligencia 
695 |a pénzügyi szektor 
695 |a szabályozás 
700 1 |a Dobák Dr. Dóra Éva  |e ths 
856 4 0 |u http://dolgozattar.uni-bge.hu/60334/1/szakdolgozat_h0or5k.pdf  |z Dokumentum-elérés 
856 4 0 |u http://dolgozattar.uni-bge.hu/60334/2/b%C3%ADr%C3%A1latilap_alap_Alf%C3%B6ldi%20Attila.pdf  |z Dokumentum-elérés